000 00325nam a2200145Ia 4500
100 _aAdkoli/ Anand
942 _cRB
366 _f15
654 _aOracle - NT Hand Book
245 _aOracle - NT Hand Book
260 _bTata Mcgraw Hill Publishers
_aNew Delhi
_c1999
082 _a5.3
300 _a454
546 _aENGLISH
999 _c21519
_d21519